[Event "TUR Cup"]
[Site "Denizli"]
[Date "2023.07.16"]
[Round "1"]
[White "Filiz, Enes Kayra"]
[Black "Aslan, Onat Ugur"]
[Result "1-0"]
[WhiteElo "1372"]
[BlackElo "1701"]
[PlyCount "105"]
[EventDate "2023.07.16"]
[EventType "team-tourn"]
[EventRounds "9"]
[EventCountry "TUR"]
[SourceTitle "CBM 215 Extra"]
[Source "ChessBase"]
[SourceDate "2023.09.30"]
[SourceVersion "1"]
[SourceVersionDate "2023.09.30"]
[SourceQuality "1"]

1. c4 Nf6 2. g3 g6 3. Bg2 Bg7 4. Nf3 0-0 5. 0-0 c6 6. d4 d6 7. Nc3 Nbd7 8. e4 e5 9. h3 Qe7 10. Re1 Ne8 11. Be3 Nc7 12. Qd2 Rd8 13. d5 c5 14. Bg5 f6 15. Bh6 Nf8 16. Bxg7 Qxg7 17. Nh2 f5 18. f4 Re8 19. Rad1 Bd7 20. a4 a6 21. a5 Rab8 22. Nf3 b5 23. axb6 Rxb6 24. fxe5 dxe5 25. Qf2 fxe4 26. Nxe4 Bf5 27. Nxc5 e4 28. Nd4 e3 29. Rxe3 Rxb2 30. Qxb2 Rxe3 31. Qf2 Qe5 32. Nxf5 gxf5 33. Qf4 Kf7 34. Qxe5 Rxe5 35. Ra1 Re8 36. d6 Nce6 37. Bd5 Kf6 38. Nxe6 Nxe6 39. Rxa6 Rd8 40. d7 Rxd7 41. Rxe6+ Kg5 42. Kg2 f4 43. Re5+ Kf6 44. gxf4 Kg6 45. Kf3 Kh6 46. c5 Rg7 47. c6 Ra7 48. Kg4 Ra1 49. c7 Rc1 50. Re7 Rg1+ 51. Kf5 Rc1 52. Be6 Rc5+ 53. Kf6 1-0

[Event "TUR-chT Clubs"]
[Site "Konya"]
[Date "2019.07.20"]
[Round "8.6"]
[White "Aslan, Onat Ugur"]
[Black "Aslan, Dogukan"]
[Result "0-1"]
[WhiteElo "1747"]
[BlackElo "1806"]
[PlyCount "100"]
[EventDate "2019.07.16"]
[EventType "team-swiss"]
[EventRounds "9"]
[EventCountry "TUR"]
[SourceTitle "CBM 191 Extra"]
[Source "ChessBase"]
[SourceDate "2019.09.30"]
[SourceVersion "1"]
[SourceVersionDate "2019.09.30"]
[SourceQuality "1"]
[WhiteTeam "Mugla Mentese Merkez"]
[BlackTeam "Sungurlu Egitim Genclik"]
[WhiteTeamCountry "TUR"]
[BlackTeamCountry "TUR"]

1. Nf3 c5 2. b3 Nc6 3. Bb2 d6 4. e3 Bg4 5. h3 Bh5 6. g4 Bg6 7. Nh4 e6 8. Nxg6 hxg6 9. Bg2 Qc7 10. f4 d5 11. Qf3 Nf6 12. Nc3 a6 13. 0-0-0 0-0-0 14. g5 Nh5 15. Qg4 Kb8 16. Ne2 Bd6 17. Rhf1 Qa5 18. Kb1 Rc8 19. d3 Rhd8 20. e4 d4 21. Ng1 b5 22. e5 Be7 23. Nf3 Nb4 24. Nd2 Qxa2+ 25. Kc1 Nd5 26. Bxd5 exd5 27. Nf3 c4 28. dxc4 dxc4 29. Rxd4 c3 30. Bxc3 Rxd4 31. Nxd4 Rxc3 32. Qd7 Rc7 33. Qd5 Qa1+ 34. Kd2 Qxf1 35. Nc6+ Rxc6 36. Qxc6 Qxf4+ 37. Kd1 Qf1+ 38. Kd2 Bxg5+ 39. Kc3 Qxh3+ 40. Kb4 Bd2+ 41. Ka3 Qe6 42. Qc5 b4+ 43. Ka2 Bc3 44. Qg1 Kb7 45. Qf2 f6 46. Qg1 Qd5 47. Kb1 Bxe5 48. Qe1 Qd4 49. c3 Qd3+ 50. Ka2 Qc2+ 0-1

[Event "TUR-chT Clubs"]
[Site "Konya"]
[Date "2019.07.18"]
[Round "5.6"]
[White "Kinsiz, Onur"]
[Black "Aslan, Onat Ugur"]
[Result "1-0"]
[WhiteElo "2210"]
[BlackElo "1747"]
[PlyCount "109"]
[EventDate "2019.07.16"]
[EventType "team-swiss"]
[EventRounds "9"]
[EventCountry "TUR"]
[SourceTitle "CBM 191 Extra"]
[Source "ChessBase"]
[SourceDate "2019.09.30"]
[SourceVersion "1"]
[SourceVersionDate "2019.09.30"]
[SourceQuality "1"]
[WhiteTeam "Canakkale Doruk"]
[BlackTeam "Mugla Mentese Merkez"]
[WhiteTeamCountry "TUR"]
[BlackTeamCountry "TUR"]

1. e4 Nf6 2. e5 Nd5 3. d4 d6 4. c4 Nb6 5. exd6 cxd6 6. Nc3 g6 7. Be3 Bg7 8. Rc1 0-0 9. b3 e5 10. dxe5 dxe5 11. Qxd8 Rxd8 12. c5 N6d7 13. Bc4 Nc6 14. Nf3 Na5 15. Be2 b6 16. Na4 Nxc5 17. Nxc5 bxc5 18. Rxc5 Nb7 19. Rc7 Rd7 20. Rc2 Nd6 21. 0-0 Nf5 22. Rfc1 Bb7 23. Rc7 Rxc7 24. Rxc7 Nxe3 25. Rxb7 Nf5 26. Rd7 Bf6 27. Bc4 Nh6 28. g4 g5 29. h4 Rd8 30. Rxa7 Rd1+ 31. Kg2 e4 32. Nxg5 Bd4 33. Rd7 e3 34. fxe3 Rd2+ 35. Kf3 Bxe3 36. Rxf7 Nxf7 37. Kxe3 Rxa2 38. Nxf7 Rh2 39. h5 Kg7 40. Kf4 h6 41. Nd6 Rd2 42. Nf5+ Kh7 43. Bf7 Rf2+ 44. Ke5 Re2+ 45. Kd4 Rd2+ 46. Kc5 Rg2 47. Bg6+ Kh8 48. b4 Rc2+ 49. Kb6 Rc4 50. b5 Rxg4 51. Kb7 Rb4 52. b6 Rc4 53. Kb8 Rc1 54. b7 Rc6 55. Ka7 1-0

[Event "TUR Cup"]
[Site "Antalya"]
[Date "2019.02.02"]
[Round "10"]
[White "Aslan, Onat Ugur"]
[Black "Mermer, Yunus"]
[Result "1/2-1/2"]
[WhiteElo "1812"]
[BlackElo "1585"]
[PlyCount "54"]
[EventDate "2019.01.27"]
[EventType "swiss"]
[EventRounds "11"]
[EventCountry "TUR"]
[SourceTitle "CBM 188 Extra"]
[Source "ChessBase"]
[SourceDate "2019.02.28"]
[SourceVersion "1"]
[SourceVersionDate "2019.02.28"]
[SourceQuality "1"]

1. d4 d5 2. Bf4 Bf5 3. e3 Nf6 4. c4 c6 5. Qb3 Qb6 6. c5 Qxb3 7. axb3 Nbd7 8. b4 Nh5 9. Nc3 Nxf4 10. exf4 f6 11. Nf3 Bg4 12. Nd2 e5 13. fxe5 fxe5 14. dxe5 Nxe5 15. f4 Ng6 16. g3 Be7 17. Bd3 0-0 18. 0-0 Bf6 19. Kg2 a6 20. h3 Bd7 21. Nb3 Rae8 22. Rae1 Kf7 23. Na4 Rxe1 24. Rxe1 Re8 25. Rxe8 Kxe8 26. h4 Nf8 27. Kh2 h6 1/2-1/2

[Event "TUR Cup"]
[Site "Antalya"]
[Date "2019.01.28"]
[Round "3"]
[White "Guven, Oguz Kagan"]
[Black "Aslan, Onat Ugur"]
[Result "1-0"]
[WhiteElo "2087"]
[BlackElo "1812"]
[PlyCount "97"]
[EventDate "2019.01.27"]
[EventType "swiss"]
[EventRounds "11"]
[EventCountry "TUR"]
[SourceTitle "CBM 188 Extra"]
[Source "ChessBase"]
[SourceDate "2019.02.28"]
[SourceVersion "1"]
[SourceVersionDate "2019.02.28"]
[SourceQuality "1"]

1. d4 d5 2. c4 e6 3. Nc3 Nf6 4. Bg5 Be7 5. e3 0-0 6. cxd5 exd5 7. Bd3 c6 8. Nf3 Bg4 9. Qc2 h6 10. Bh4 Nbd7 11. h3 Bxf3 12. gxf3 b5 13. Rg1 Re8 14. Ne2 Rc8 15. Ng3 Kh8 16. Nf5 Bf8 17. Bg3 c5 18. Rc1 c4 19. Be2 Qb6 20. Kf1 g6 21. Nh4 Qe6 22. Kg2 Nh5 23. f4 Ndf6 24. f5 Qe4+ 25. Qxe4 Rxe4 26. fxg6 Nxg3 27. fxg3 Rxe3 28. Bf3 fxg6 29. Nxg6+ Kg7 30. Nxf8 Rxf8 31. Rge1 Rfe8 32. Kf2 Rxe1 33. Rxe1 Rxe1 34. Kxe1 Ne4 35. g4 Kf6 36. h4 a5 37. a3 b4 38. axb4 c3 39. bxc3 a4 40. Kd1 a3 41. Kc2 Ke6 42. c4 Kd6 43. cxd5 Nd2 44. Bg2 Kc7 45. g5 hxg5 46. hxg5 Nc4 47. Kb3 Ne3 48. g6 Nf5 49. Kxa3 1-0

[Event "TUR Cup"]
[Site "Antalya"]
[Date "2019.01.27"]
[Round "1"]
[White "Kavalci, Emin"]
[Black "Aslan, Onat Ugur"]
[Result "0-1"]
[WhiteElo "1495"]
[BlackElo "1812"]
[PlyCount "62"]
[EventDate "2019.01.27"]
[EventType "swiss"]
[EventRounds "11"]
[EventCountry "TUR"]
[SourceTitle "CBM 188 Extra"]
[Source "ChessBase"]
[SourceDate "2019.02.28"]
[SourceVersion "1"]
[SourceVersionDate "2019.02.28"]
[SourceQuality "1"]

1. e4 e6 2. d4 d5 3. exd5 exd5 4. Nf3 Bd6 5. Nc3 c6 6. Bd3 Ne7 7. 0-0 Bg4 8. h3 Bh5 9. Re1 Nd7 10. Bg5 f6 11. Bd2 Qc7 12. Bf5 0-0-0 13. Bg4 Bxg4 14. hxg4 h5 15. gxh5 Rxh5 16. Ne2 g5 17. Ng3 Bxg3 18. Rxe7 Rdh8 19. Kf1 Rh1+ 20. Ke2 Rxd1 21. Rxd1 Qd6 22. Rxd7 Kxd7 23. fxg3 Qxg3 24. Rg1 Re8+ 25. Kf1 g4 26. Ne1 c5 27. Nd3 c4 28. Bf4 Re1+ 29. Nxe1 Qxf4+ 30. Ke2 Qe4+ 31. Kf1 g3 0-1

[Event "TUR-chT2"]
[Site "Konya"]
[Date "2018.07.12"]
[Round "4.13"]
[White "Tezeren, Ahmet Bulent"]
[Black "Aslan, Onat Ugur"]
[Result "1/2-1/2"]
[WhiteElo "2005"]
[BlackElo "1847"]
[PlyCount "41"]
[EventDate "2018.07.10"]
[EventType "team-swiss"]
[EventRounds "9"]
[EventCountry "TUR"]
[SourceTitle "EXT 2019"]
[Source "ChessBase"]
[SourceDate "2018.10.10"]
[SourceVersion "1"]
[SourceVersionDate "2018.10.10"]
[SourceQuality "1"]
[WhiteTeam "Konya Selcuklu Belediyesi"]
[BlackTeam "Mugla Dalaman"]
[WhiteTeamCountry "TUR"]
[BlackTeamCountry "TUR"]

1. e4 Nf6 2. e5 Nd5 3. c4 Nb6 4. Nf3 d6 5. exd6 cxd6 6. d4 g6 7. Be2 Bg7 8. 0-0 0-0 9. Be3 Nc6 10. Nc3 e5 11. dxe5 dxe5 12. Bc5 Re8 13. Qxd8 Rxd8 14. Rad1 Be6 15. b3 Bf5 16. Nb5 Nd7 17. Be3 e4 18. Ne1 b6 19. Nc2 Nc5 20. Ncd4 Be6 21. Nxc6 1/2-1/2

[Event "TUR-chT2"]
[Site "Konya"]
[Date "2018.07.11"]
[Round "3.11"]
[White "Aslan, Onat Ugur"]
[Black "Ozcan, Berk"]
[Result "1/2-1/2"]
[WhiteElo "1847"]
[BlackElo "1715"]
[PlyCount "95"]
[EventDate "2018.07.10"]
[EventType "team-swiss"]
[EventRounds "9"]
[EventCountry "TUR"]
[SourceTitle "EXT 2019"]
[Source "ChessBase"]
[SourceDate "2018.10.10"]
[SourceVersion "1"]
[SourceVersionDate "2018.10.10"]
[SourceQuality "1"]
[WhiteTeam "Mugla Dalaman"]
[BlackTeam "Kastam Koy Hizmetleri"]
[WhiteTeamCountry "TUR"]
[BlackTeamCountry "TUR"]

1. e4 c5 2. Nf3 e6 3. c3 Nf6 4. e5 Nd5 5. Bc4 d6 6. 0-0 Be7 7. Na3 0-0 8. d4 cxd4 9. cxd4 b6 10. exd6 Bxd6 11. Bg5 Be7 12. Bxe7 Nxe7 13. Re1 Bb7 14. Qd3 Nd7 15. Ng5 Nf6 16. Rac1 Ned5 17. Nb5 a6 18. Nc3 Nf4 19. Qg3 Nxg2 20. Rxe6 Nh5 21. Qg4 Nhf4 22. Rh6 Qc8 23. Qxc8 Raxc8 24. Rxb6 Rxc4 25. Rxb7 Rxd4 26. Nf3 Rd3 27. Ne1 Nxe1 28. Rxe1 Nh3+ 29. Kf1 Rd2 30. Re2 Rd6 31. Re3 Nf4 32. Rf3 Ne6 33. Ra7 Rd2 34. Na4 Rd6 35. Kg2 h6 36. Nc3 Rb6 37. b3 Rc6 38. Nd5 Rd6 39. Ne7+ Kh7 40. Nf5 Rc6 41. Ne3 Kg8 42. Nc4 Nd4 43. Rd3 Rg6+ 44. Rg3 Re6 45. Re3 Rg6+ 46. Rg3 Re6 47. Re3 Rg6+ 48. Rg3 1/2-1/2

[Event "TUR-chT2"]
[Site "Konya"]
[Date "2018.07.11"]
[Round "2.4"]
[White "Demircin, Kasim"]
[Black "Aslan, Onat Ugur"]
[Result "1-0"]
[WhiteElo "1915"]
[BlackElo "1847"]
[PlyCount "107"]
[EventDate "2018.07.10"]
[EventType "team-swiss"]
[EventRounds "9"]
[EventCountry "TUR"]
[SourceTitle "EXT 2019"]
[Source "ChessBase"]
[SourceDate "2018.10.10"]
[SourceVersion "1"]
[SourceVersionDate "2018.10.10"]
[SourceQuality "1"]
[WhiteTeam "Siirt Cedid"]
[BlackTeam "Mugla Dalaman"]
[WhiteTeamCountry "TUR"]
[BlackTeamCountry "TUR"]

1. Nf3 Nf6 2. e3 d5 3. c4 c6 4. Be2 g6 5. 0-0 Bg7 6. d4 0-0 7. b3 Nbd7 8. Bb2 Ne4 9. Nc3 Ndf6 10. Nd2 Bf5 11. f3 Nxc3 12. Bxc3 Bh6 13. f4 Qc8 14. Bf3 Qe6 15. Qe2 Ne4 16. Bxe4 Bxe4 17. Rac1 Rfd8 18. h3 Rac8 19. g4 Bg7 20. c5 f5 21. Nxe4 fxe4 22. f5 Qd7 23. Qh2 Rf8 24. fxg6 hxg6 25. Qg3 Qc7 26. Rxf8+ Bxf8 27. Qh4 e6 28. Rf1 Qe7 29. Be1 g5 30. Qh5 Bg7 31. Bg3 Rf8 32. Rxf8+ Qxf8 33. Qxg5 Qf3 34. Qf4 Qd1+ 35. Qf1 Qd2 36. Qf2 Qc1+ 37. Kg2 Bh6 38. Bf4 Bxf4 39. Qxf4 Qd2+ 40. Qf2 Qc3 41. Qf4 Qd2+ 42. Kg3 Qe1+ 43. Qf2 Qc3 44. g5 Qa5 45. g6 Qc7+ 46. Qf4 Qxf4+ 47. Kxf4 Kg7 48. Kg5 b6 49. b4 bxc5 50. bxc5 e5 51. dxe5 d4 52. e6 Kf8 53. Kf6 dxe3 54. g7+ 1-0

[Event "Izmir op 16th"]
[Site "Izmir"]
[Date "2017.09.10"]
[Round "9"]
[White "Yaver, Faik Emre"]
[Black "Aslan, Onat Ugur"]
[Result "1-0"]
[WhiteElo "2071"]
[BlackElo "1909"]
[PlyCount "77"]
[EventDate "2017.09.05"]
[EventType "swiss"]
[EventRounds "9"]
[EventCountry "TUR"]
[SourceTitle "CBM 180 Extra"]
[Source "ChessBase"]
[SourceDate "2017.10.06"]
[SourceVersion "1"]
[SourceVersionDate "2017.10.06"]
[SourceQuality "1"]

1. e4 Nf6 2. e5 Nd5 3. d4 d6 4. c4 Nb6 5. exd6 exd6 6. Nc3 Be7 7. Bd3 Nc6 8. Nge2 Bg4 9. f3 Bh4+ 10. g3 Bxf3 11. 0-0 Nxd4 12. Qe1 Bxe2 13. gxh4 Qd7 14. Nxe2 Qg4+ 15. Qg3 Qxe2 16. Bg5 0-0 17. Bf6 g6 18. Bxd4 Qd2 19. Rf2 Qa5 20. Raf1 Nd7 21. Rf5 Qd2 22. h5 Ne5 23. Bxe5 dxe5 24. hxg6 hxg6 25. R5f2 Qh6 26. Rf6 Qh5 27. c5 e4 28. Bxe4 Qxc5+ 29. Kh1 Qh5 30. Qb3 g5 31. Rg6+ Kh8 32. Qc3+ f6 33. Rgxf6 Rxf6 34. Qxf6+ Kg8 35. Bd5+ Kh7 36. Qe7+ Kh8 37. Rf8+ Rxf8 38. Qxf8+ Kh7 39. Be4+ 1-0

[Event "TUR-chT2"]
[Site "Konya"]
[Date "2017.07.14"]
[Round "8.16"]
[White "Kansal, Cagin"]
[Black "Aslan, Onat Ugur"]
[Result "0-1"]
[WhiteElo "1777"]
[BlackElo "1822"]
[PlyCount "112"]
[EventDate "2017.07.09"]
[EventType "team-swiss"]
[EventRounds "9"]
[EventCountry "TUR"]
[SourceTitle "CBM 179 Extra"]
[Source "ChessBase"]
[SourceDate "2017.08.23"]
[SourceVersion "1"]
[SourceVersionDate "2017.08.23"]
[SourceQuality "1"]
[WhiteTeam "Dumlupinar Turk"]
[BlackTeam "Koycegiz Su Sporlari"]
[WhiteTeamCountry "TUR"]
[BlackTeamCountry "TUR"]

1. c4 Nf6 2. Nf3 e6 3. e3 d5 4. Nc3 Be7 5. Qc2 b6 6. b3 0-0 7. Be2 c5 8. Bb2 Bb7 9. 0-0 Nc6 10. a3 d4 11. Ne4 e5 12. Nxf6+ Bxf6 13. e4 Qd7 14. d3 Be7 15. Nd2 f5 16. exf5 Qxf5 17. Bf3 Nd8 18. Bxb7 Nxb7 19. Ne4 Nd6 20. Nxd6 Bxd6 21. Qe2 Rf6 22. Rae1 Raf8 23. Qe4 Qh5 24. Bc1 Rg6 25. f3 Kh8 26. Re2 Rgf6 27. Qd5 g5 28. h3 Qg6 29. Qe4 h5 30. Qxg6 Rxg6 31. Re4 a6 32. h4 gxh4 33. Rxh4 Rf5 34. g4 Kg7 35. g5 Be7 36. Rxh5 Bxg5 37. Rxg5 Rfxg5+ 38. Bxg5 Rxg5+ 39. Kf2 Rh5 40. Kg3 Kg6 41. f4 exf4+ 42. Rxf4 Re5 43. Rg4+ Kf5 44. Rf4+ Ke6 45. Rh4 Re3+ 46. Kf4 Rxd3 47. Rh6+ Kd7 48. Rxb6 Kc7 49. Rxa6 Rxb3 50. Ke5 Kb7 51. Ra4 Kb6 52. Ra8 Rc3 53. Ra4 Re3+ 54. Kd5 Re8 55. Kd6 d3 56. Kd7 Rh8 0-1

[Event "TUR-chT2"]
[Site "Konya"]
[Date "2017.07.12"]
[Round "5.15"]
[White "Aslan, Onat Ugur"]
[Black "Aytekin, Furkan Emre"]
[Result "1-0"]
[WhiteElo "1822"]
[BlackElo "1692"]
[PlyCount "67"]
[EventDate "2017.07.09"]
[EventType "team-swiss"]
[EventRounds "9"]
[EventCountry "TUR"]
[SourceTitle "CBM 179 Extra"]
[Source "ChessBase"]
[SourceDate "2017.08.23"]
[SourceVersion "1"]
[SourceVersionDate "2017.08.23"]
[SourceQuality "1"]
[WhiteTeam "Koycegiz Su Sporlari"]
[BlackTeam "Canakkale 1915"]
[WhiteTeamCountry "TUR"]
[BlackTeamCountry "TUR"]

1. e4 e5 2. Nf3 Nc6 3. d4 exd4 4. Bc4 Nf6 5. 0-0 Nxe4 6. Re1 d5 7. Bxd5 Qxd5 8. Nc3 Qa5 9. Nxe4 Be6 10. Neg5 0-0-0 11. Nxe6 fxe6 12. Rxe6 Bd6 13. Qe2 Kd7 14. Bg5 Rde8 15. Re1 Qxe1+ 16. Nxe1 Rxe6 17. Qg4 h5 18. Qh3 Ne5 19. Qb3 Rhe8 20. g3 Kc8 21. Qa4 Bc5 22. Bf4 Ng6 23. Nd3 Bb6 24. Qb5 h4 25. Kg2 Kb8 26. Qg5 hxg3 27. Bxg3 Ka8 28. h4 R8e7 29. h5 Nf8 30. Nf4 Re5 31. Qh4 c6 32. Ng6 Nxg6 33. hxg6 Bc7 34. Bxe5 1-0